[Event "12-Std.-Blitz 2003"]
[Site "Rochade Kuppenheim"]
[Date "2003.05.24"]
[Round "45"]
[White "Tucholke, H.-J.."]
[Black "McShane, L.."]
[Result "0-1"]
[WhiteElo "2175"]
[BlackElo "2592"]
[PlyCount "122"]

1. d4 {5} 1... Nf6 {2} 2. Bg5 {4} 2... Ne4 {1} 3. h4 {3} 3... c5 {1} 4. dxc5 {3
} 4... Qa5+ {6} 5. Nd2 {2} 5... Nxg5 {2} 6. hxg5 {3} 6... Qxc5 {1} 7. Ngf3 {3}
7... g6 {3} 8. e3 {2} 8... Bg7 {1} 9. c3 {2} 9... d6 {9} 10. Be2 {4} 10... Nc6
{5} 11. Qa4 {7} 11... Bd7 {2} 12. Rh4 {17} 12... h6 {9} 13. gxh6 {5} 13... Rxh6
{1} 14. Rxh6 {4} 14... Bxh6 {1} 15. Ne4 {6} 15... Qb6 {7} 16. Qb3 {5} 16...
Qxb3 {3} 17. axb3 {2} 17... Bf8 {12} 18. Kd2 {5} 18... Kd8 {14} 19. Rh1 {4}
19... Kc7 {8} 20. Rh7 {3} 20... Nd8 {10} 21. Nd4 {6} 21... a6 {12} 22. b4 {3}
22... a5 {18} 23. bxa5 {3} 23... Rxa5 {1} 24. Bf3 {3} 24... b5 {17} 25. Ng5 {6}
25... f6 {4} 26. Nf7 {6} 26... Nxf7 {2} 27. Rxf7 {2} 27... Bh6 {2} 28. Rxe7 {4}
28... Ra1 {12} 29. Rh7 {3} 29... Rh1 {1} 30. Ne6+ {6} 30... Kc8 {9} 31. Rh8+ {2
} 31... Be8 {1} 32. Bc6 {5} 32... Bxe3+ {2} 33. Kxe3 {5} 33... Rxh8 {2} 34. Bd5
{4} 34... Bd7 {2} 35. Kd4 {3} 35... Re8 {1} 36. Nf4 {3} 36... g5 {1} 37. Nd3 {3
} 37... Kc7 {1} 38. b3 {6} 38... Bc6 {1} 39. c4 {3} 39... bxc4 {1} 40. bxc4 {2}
40... Bxd5 {1} 41. cxd5 {2} 41... Re2 {1} 42. Kc3 {4} 42... f5 {1} 43. g3 {2}
43... Kd7 {1} 44. Kd4 {2} 44... Ke7 {1} 45. Kc3 {6} 45... Kf6 {1} 46. Kd4 {1}
46... Kg6 {1} 47. Kc4 {2} 47... Kh5 {1} 48. Kb5 {2} 48... Rd2 {3} 49. Nb4 {4}
49... Rxf2 {2} 50. Kc6 {1} 50... Rf3 {2} 51. Kxd6 {2} 51... Rxg3 {0} 52. Kc5 {3
} 52... Rc3+ {3} 53. Kd4 {2} 53... Rc8 {1} 54. d6 {2} 54... f4 {1} 55. Nd5 {4}
55... f3 {3} 56. Ke3 {2} 56... g4 {1} 57. d7 {2} 57... Rd8 {2} 58. Kf2 {2}
58... Kh4 {2} 59. Nf6 {2} 59... Kh3 {1} 60. Ke3 {3} 60... Kg2 {2} 61. Nxg4 {4}
61... Rxd7 {emmy gibt auf  (Lag: Av=0.59s, max=1.2s) 1} 0-1

[Event "12-Std.-Blitz 2003"]
[Site "Rochade Kuppenheim"]
[Date "2003.05.24"]
[Round "47"]
[White "Schork, S.."]
[Black "McShane, L.."]
[Result "0-1"]
[WhiteElo "2173"]
[BlackElo "2592"]
[PlyCount "52"]

1. e4 {3} 1... c5 {1} 2. Nc3 {1} 2... Nc6 {1} 3. Nf3 {1} 3... Nf6 {2} 4. Bb5 {2
} 4... Qc7 {1} 5. O-O {2} 5... Nd4 {2} 6. d3 {6} 6... a6 {4} 7. Bc4 {3} 7... e6
{3} 8. Nxd4 {2} 8... cxd4 {1} 9. Ne2 {1} 9... Nxe4 {1} 10. Bxe6 {9} 10... dxe6
{2} 11. dxe4 {2} 11... e5 {2} 12. f4 {4} 12... Bc5 {2} 13. Kh1 {2} 13... O-O {2
} 14. fxe5 {2} 14... Qxe5 {2} 15. Qd3 {2} 15... Re8 {15} 16. Ng3 {10} 16... Bd7
{7} 17. Bf4 {3} 17... Qe6 {2} 18. a3 {6} 18... Bb5 {1} 19. Qf3 {5} 19... Bxf1 {
1} 20. Rxf1 {2} 20... Rad8 {1} 21. Nh5 {21} 21... Qxe4 {12} 22. Qg3 {6} 22...
Qg6 {2} 23. Qh3 {6} 23... d3 {6} 24. cxd3 {6} 24... Rxd3 {14} 25. Qh4 {3} 25...
Be7 {7} 26. Re1 {8} 26... Rd1 {emmy gibt auf  (Lag: Av=0.62s, max=1.3s) 19} 0-1

[Event "12-Std.-Blitz 2003"]
[Site "Rochade Kuppenheim"]
[Date "2003.05.24"]
[Round "49"]
[White "Karpatchev, A.."]
[Black "McShane, L.."]
[Result "0-1"]
[WhiteElo "2416"]
[BlackElo "2592"]
[PlyCount "68"]

1. e4 {12} 1... c5 {1} 2. c3 {3} 2... Nf6 {2} 3. e5 {2} 3... Nd5 {1} 4. Nf3 {3}
4... Nc6 {1} 5. d4 {3} 5... cxd4 {1} 6. cxd4 {2} 6... d6 {1} 7. Bc4 {2} 7... e6
{1} 8. O-O {3} 8... Be7 {2} 9. Qe2 {2} 9... O-O {1} 10. Rd1 {2} 10... Bd7 {5}
11. Nc3 {6} 11... Nxc3 {4} 12. bxc3 {2} 12... Qa5 {8} 13. exd6 {6} 13... Bxd6 {
2} 14. Bd2 {3} 14... Ne7 {5} 15. Bd3 {4} 15... Qc7 {7} 16. Qe4 {4} 16... Nf5 {
12} 17. Qe2 {6} 17... Rfe8 {4} 18. h3 {3} 18... Rac8 {4} 19. Re1 {2} 19... Bc6
{10} 20. Be4 {7} 20... Bxe4 {1} 21. Qxe4 {1} 21... Qc6 {3} 22. Qd3 {5} 22...
Qc4 {2} 23. Qe4 {3} 23... Qd5 {6} 24. Qd3 {2} 24... h6 {19} 25. Ne5 {4} 25...
Bxe5 {3} 26. Rxe5 {3} 26... Qc6 {2} 27. Rae1 {3} 27... Ne7 {5} 28. Qg3 {5}
28... Ng6 {2} 29. Rc5 {5} 29... Qa6 {3} 30. Rxc8 {2} 30... Rxc8 {1} 31. h4 {1}
31... Qxa2 {1} 32. Bxh6 {4} 32... gxh6 {4} 33. h5 {3} 33... Qd2 {6} 34. Re3 {4}
34... Qd1+ {emmy gibt auf  (Lag: Av=0.58s, max=0.8s) 2} 0-1

[Event "12-Std.-Blitz 2003"]
[Site "Rochade Kuppenheim"]
[Date "2003.05.24"]
[Round "50"]
[White "McShane, L.."]
[Black "Lerch, P.."]
[Result "1-0"]
[WhiteElo "2592"]
[BlackElo "2323"]
[PlyCount "45"]

1. e4 {1} 1... c5 {2} 2. Nf3 {1} 2... Nc6 {1} 3. Bb5 {1} 3... g6 {2} 4. O-O {2}
4... Bg7 {2} 5. c3 {2} 5... a6 {10} 6. Bxc6 {4} 6... dxc6 {1} 7. d4 {3} 7...
Bg4 {2} 8. dxc5 {6} 8... Qxd1 {7} 9. Rxd1 {1} 9... Bxf3 {2} 10. gxf3 {1} 10...
Nf6 {14} 11. Na3 {1} 11... O-O {2} 12. Nc4 {2} 12... Rad8 {3} 13. Be3 {3} 13...
Nd7 {11} 14. Na5 {1} 14... Ne5 {3} 15. f4 {17} 15... Nd3 {15} 16. Nxb7 {1}
16... Rd7 {2} 17. Na5 {1} 17... Bh6 {14} 18. Nxc6 {5} 18... Rc8 {4} 19. Rxd3 {
11} 19... Rxd3 {11} 20. Nxe7+ {1} 20... Kf8 {2} 21. Nxc8 {1} 21... a5 {7} 22.
c6 {2} 22... Ke8 {1} 23. Nb6 {emmy gibt auf  (Lag: Av=0.56s, max=0.7s) 4} 1-0

[Event "12-Std.-Blitz 2003"]
[Site "Rochade Kuppenheim"]
[Date "2003.05.24"]
[Round "51"]
[White "Leibbrand, U.."]
[Black "McShane, L.."]
[Result "1/2-1/2"]
[WhiteElo "2125"]
[BlackElo "2592"]
[PlyCount "107"]

1. d4 {7} 1... Nf6 {1} 2. Bg5 {2} 2... Ne4 {1} 3. Bf4 {1} 3... c5 {2} 4. f3 {2}
4... Qa5+ {4} 5. c3 {1} 5... Nf6 {2} 6. Nd2 {2} 6... cxd4 {1} 7. Nb3 {1} 7...
Qb6 {1} 8. Qxd4 {1} 8... Nc6 {1} 9. Qxb6 {4} 9... axb6 {1} 10. Nd4 {1} 10... e5
{31} 11. Nxc6 {1} 11... exf4 {1} 12. Nd4 {1} 12... d5 {5} 13. g3 {5} 13... fxg3
{1} 14. hxg3 {1} 14... Bd6 {5} 15. Kf2 {2} 15... O-O {1} 16. Nb5 {14} 16...
Bc5+ {4} 17. e3 {5} 17... Bd7 {3} 18. Nd4 {5} 18... Rfe8 {6} 19. Bd3 {9} 19...
b5 {2} 20. a3 {4} 20... b4 {2} 21. cxb4 {2} 21... Bxb4 {1} 22. Nge2 {3} 22...
Bd2 {1} 23. Nc2 {16} 23... Ba4 {2} 24. Ned4 {3} 24... Rac8 {10} 25. b3 {9}
25... Bd7 {5} 26. Rad1 {5} 26... Ba5 {3} 27. b4 {18} 27... Bb6 {2} 28. Rd2 {2}
28... h5 {2} 29. Bf5 {7} 29... g6 {22} 30. Bd3 {8} 30... Rc3 {12} 31. Nb5 {9}
31... Bxb5 {3} 32. Bxb5 {1} 32... Rexe3 {1} 33. Nxe3 {5} 33... Bxe3+ {1} 34.
Ke2 {1} 34... Bxd2 {1} 35. Kxd2 {1} 35... Rxa3 {1} 36. Bd3 {6} 36... d4 {2} 37.
Rc1 {3} 37... Ra2+ {2} 38. Ke1 {3} 38... Nd5 {2} 39. Bc4 {4} 39... Nxb4 {2} 40.
Bxa2 {2} 40... Nd3+ {18} 41. Kd2 {2} 41... Nxc1 {1} 42. Kxc1 {1} 42... g5 {1}
43. Kd2 {7} 43... Kg7 {3} 44. Kd3 {1} 44... Kf6 {3} 45. Kxd4 {1} 45... h4 {13}
46. gxh4 {1} 46... gxh4 {1} 47. f4 {3} 47... b5 {5} 48. Ke4 {5} 48... Ke7 {5}
49. f5 {2} 49... Kf6 {8} 50. Kf4 {1} 50... b4 {3} 51. Kg4 {2} 51... h3 {2} 52.
Kxh3 {1} 52... Kxf5 {2} 53. Bxf7 {emmy bietet Remis 1} 53... b3 {1} 54. Bxb3 {
(Lag: Av=0.59s, max=2.1s) 2} 1/2-1/2

[Event "12-Std.-Blitz 2003"]
[Site "Rochade Kuppenheim"]
[Date "2003.05.24"]
[Round "53"]
[White "Schmaltz, R.."]
[Black "McShane, L.."]
[Result "0-1"]
[WhiteElo "2522"]
[BlackElo "2592"]
[PlyCount "102"]

1. e4 {1} 1... c5 {1} 2. Nf3 {1} 2... Nc6 {0} 3. d4 {1} 3... cxd4 {1} 4. Nxd4 {
1} 4... Nf6 {1} 5. Nc3 {1} 5... e5 {0} 6. Ndb5 {1} 6... d6 {1} 7. Bg5 {1} 7...
a6 {1} 8. Na3 {1} 8... b5 {1} 9. Bxf6 {0} 9... gxf6 {2} 10. Nd5 {0} 10... f5 {1
} 11. c3 {1} 11... Bg7 {1} 12. exf5 {1} 12... Bxf5 {1} 13. Nc2 {0} 13... O-O {2
} 14. Nce3 {1} 14... Bg6 {0} 15. Bd3 {5} 15... f5 {3} 16. g4 {17} 16... e4 {9}
17. gxf5 {9} 17... exd3 {1} 18. fxg6 {2} 18... Ne5 {1} 19. gxh7+ {4} 19... Kh8
{1} 20. Qh5 {7} 20... Nf3+ {6} 21. Kd1 {3} 21... b4 {23} 22. Nxb4 {5} 22... Qd7
{5} 23. Nxd3 {9} 23... Qa4+ {1} 24. Ke2 {16} 24... Rae8 {6} 25. Rhc1 {18} 25...
d5 {24} 26. Qxd5 {6} 26... Qh4 {1} 27. Rg1 {23} 27... Rd8 {43} 28. Qb7 {4}
28... Nxg1+ {3} 29. Rxg1 {2} 29... Qh5+ {1} 30. Ke1 {8} 30... Qxh7 {10} 31.
Rxg7 {15} 31... Qxg7 {1} 32. Qxg7+ {0} 32... Kxg7 {1} 33. Nc5 {1} 33... Rd6 {4}
34. Ke2 {5} 34... Rh6 {2} 35. b4 {2} 35... Re8 {3} 36. a4 {5} 36... Kf7 {4} 37.
Kf3 {4} 37... Rf8 {5} 38. Ke2 {4} 38... Ke7 {2} 39. a5 {5} 39... Rxh2 {3} 40.
Ne4 {1} 40... Rf4 {2} 41. Kd3 {2} 41... Rf8 {4} 42. Nd5+ {2} 42... Ke6 {2} 43.
Nc7+ {2} 43... Ke5 {1} 44. Nc5 {4} 44... Rfxf2 {3} 45. N7xa6 {2} 45... Rh4 {4}
46. Nd7+ {5} 46... Kd5 {4} 47. c4+ {10} 47... Kd6 {3} 48. Nac5 {5} 48... Rf3+ {
1} 49. Ke2 {1} 49... Ra3 {2} 50. a6 {1} 50... Rh2+ {1} 51. Kf1 {2} 51... Ra1# {
(Lag: Av=0.56s, max=0.7s) 1} 0-1

[Event "12-Std.-Blitz 2003"]
[Site "Rochade Kuppenheim"]
[Date "2003.05.24"]
[Round "54"]
[White "McShane, L.."]
[Black "Bärwinkel, T.."]
[Result "1-0"]
[WhiteElo "2592"]
[BlackElo "2212"]
[PlyCount "127"]

1. e4 {1} 1... c5 {1} 2. Nf3 {1} 2... d6 {1} 3. d4 {2} 3... cxd4 {0} 4. Nxd4 {1
} 4... Nf6 {0} 5. Nc3 {1} 5... a6 {0} 6. Be2 {2} 6... e5 {1} 7. Nf3 {4} 7... h6
{4} 8. a4 {1} 8... b6 {3} 9. Be3 {4} 9... Be6 {16} 10. O-O {3} 10... Nbd7 {1}
11. Nd2 {7} 11... Qc7 {7} 12. Bf3 {4} 12... Be7 {3} 13. Qe2 {4} 13... O-O {2}
14. Rfc1 {4} 14... Nc5 {8} 15. b4 {18} 15... Ncd7 {5} 16. Nd5 {1} 16... Bxd5 {6
} 17. exd5 {1} 17... a5 {6} 18. c3 {5} 18... Rfe8 {2} 19. Qb5 {8} 19... Bd8 {13
} 20. Qc6 {10} 20... Qb8 {7} 21. bxa5 {4} 21... Rxa5 {4} 22. Nc4 {5} 22... Ra6
{7} 23. Qxd6 {8} 23... Bc7 {4} 24. Qc6 {3} 24... e4 {2} 25. Be2 {1} 25... Bxh2+
{7} 26. Kh1 {3} 26... Rc8 {18} 27. Qb5 {3} 27... Ra7 {18} 28. a5 {5} 28... Rxc4
{21} 29. Qxc4 {18} 29... Qe5 {1} 30. axb6 {5} 30... Rxa1 {9} 31. Rxa1 {1} 31...
Bf4 {6} 32. Qd4 {14} 32... Qg5 {5} 33. Bxf4 {3} 33... Qxf4 {1} 34. Qe3 {1}
34... Qh4+ {3} 35. Kg1 {2} 35... Nxd5 {1} 36. Qh3 {19} 36... Qxh3 {6} 37. gxh3
{1} 37... N7xb6 {1} 38. c4 {4} 38... Nc3 {1} 39. Bf1 {2} 39... Kf8 {4} 40. c5 {
2} 40... Nd7 {2} 41. Ra8+ {3} 41... Ke7 {2} 42. c6 {7} 42... Nb6 {1} 43. Rb8 {8
} 43... Nbd5 {4} 44. Rb7+ {3} 44... Kd6 {1} 45. Rxf7 {1} 45... Kxc6 {4} 46.
Rxg7 {1} 46... Nf4 {1} 47. Rh7 {1} 47... h5 {1} 48. Kh2 {1} 48... Ncd5 {1} 49.
Kg3 {1} 49... Kc5 {1} 50. Bg2 {3} 50... Kd4 {1} 51. Rh8 {2} 51... Nf6 {1} 52.
Kxf4 {2} 52... Nd5+ {1} 53. Kg5 {1} 53... e3 {1} 54. fxe3+ {1} 54... Nxe3 {1}
55. Bf3 {0} 55... Nd5 {1} 56. Bxd5 {1} 56... Kxd5 {1} 57. Rxh5 {0} 57... Ke4 {0
} 58. Kg6 {1} 58... Kd4 {0} 59. Rf5 {1} 59... Kc4 {0} 60. h4 {0} 60... Kd4 {0}
61. h5 {0} 61... Ke4 {0} 62. h6 {0} 62... Kd4 {0} 63. h7 {0} 63... Ke4 {0} 64.
h8=Q {Zeit  (Lag: Av=0.58s, max=0.7s) 1} 1-0

[Event "12-Std.-Blitz 2003"]
[Site "Rochade Kuppenheim"]
[Date "2003.05.24"]
[Round "55"]
[White "Muranyi, K.."]
[Black "McShane, L.."]
[Result "0-1"]
[WhiteElo "2337"]
[BlackElo "2592"]
[PlyCount "96"]

1. d4 {5} 1... Nf6 {1} 2. c3 {2} 2... c5 {1} 3. Bf4 {2} 3... Qb6 {3} 4. Qb3 {2}
4... Nc6 {7} 5. e3 {2} 5... d6 {7} 6. Nf3 {3} 6... Be6 {2} 7. Qa3 {9} 7... g6 {
7} 8. Nbd2 {2} 8... Bg7 {2} 9. h3 {2} 9... O-O {1} 10. Be2 {7} 10... Rfd8 {5}
11. O-O {2} 11... Rac8 {4} 12. Bh2 {2} 12... cxd4 {3} 13. exd4 {3} 13... Bh6 {3
} 14. Nc4 {7} 14... Bxc4 {4} 15. Bxc4 {5} 15... Na5 {12} 16. Bd3 {8} 16... Nc4
{2} 17. Bxc4 {5} 17... Rxc4 {1} 18. Qb3 {1} 18... Rcc8 {5} 19. Rfe1 {4} 19...
e6 {6} 20. Bg3 {8} 20... Nd5 {2} 21. Re2 {7} 21... Qa6 {2} 22. Rae1 {7} 22...
b5 {2} 23. a3 {2} 23... Qa4 {2} 24. Qd1 {13} 24... Qxd1 {2} 25. Rxd1 {1} 25...
a5 {1} 26. Nh2 {19} 26... b4 {4} 27. cxb4 {1} 27... axb4 {1} 28. Ng4 {1} 28...
Bg7 {4} 29. Ne3 {2} 29... Nxe3 {8} 30. fxe3 {3} 30... bxa3 {2} 31. bxa3 {2}
31... Ra8 {1} 32. Ra1 {2} 32... Ra4 {1} 33. Rea2 {2} 33... d5 {3} 34. Be1 {9}
34... Bf8 {3} 35. Bh4 {6} 35... Rda8 {2} 36. Bf6 {3} 36... Rxa3 {8} 37. Rxa3 {1
} 37... Rxa3 {1} 38. Rxa3 {1} 38... Bxa3 {1} 39. Kf2 {1} 39... Kf8 {1} 40. Kf3
{1} 40... Be7 {3} 41. Bxe7+ {7} 41... Kxe7 {1} 42. g4 {2} 42... g5 {4} 43. Ke2
{5} 43... f5 {6} 44. Kd3 {2} 44... Kf6 {2} 45. Kc3 {3} 45... Kg6 {1} 46. Kb4 {2
} 46... fxg4 {1} 47. hxg4 {1} 47... h5 {1} 48. gxh5+ {5} 48... Kxh5 {
emmy gibt auf  (Lag: Av=0.56s, max=0.7s) 1} 0-1

[Event "12-Std.-Blitz 2003"]
[Site "Rochade Kuppenheim"]
[Date "2003.05.24"]
[Round "56"]
[White "McShane, L.."]
[Black "Lang, T.."]
[Result "1/2-1/2"]
[WhiteElo "2592"]
[BlackElo "2337"]
[PlyCount "112"]

1. e4 {1} 1... c5 {2} 2. Nf3 {1} 2... Nc6 {1} 3. d4 {3} 3... cxd4 {1} 4. Nxd4 {
1} 4... e5 {0} 5. Nb5 {3} 5... a6 {0} 6. Nd6+ {1} 6... Bxd6 {0} 7. Qxd6 {0}
7... Qf6 {1} 8. Qd1 {0} 8... Qg6 {1} 9. Nc3 {1} 9... Nf6 {1} 10. f3 {18} 10...
O-O {2} 11. Be3 {4} 11... d5 {1} 12. Nxd5 {14} 12... Nxd5 {4} 13. Qxd5 {1}
13... Be6 {3} 14. Qd2 {2} 14... Rad8 {4} 15. Qf2 {1} 15... f5 {1} 16. Bd3 {7}
16... Nb4 {10} 17. O-O {13} 17... Nxd3 {2} 18. cxd3 {1} 18... Rxd3 {7} 19. exf5
{1} 19... Bxf5 {3} 20. Rae1 {1} 20... Re8 {12} 21. Bd2 {5} 21... h6 {9} 22. Bc3
{9} 22... e4 {5} 23. Qg3 {20} 23... Qxg3 {10} 24. hxg3 {2} 24... e3 {2} 25. Re2
{4} 25... Rxc3 {8} 26. bxc3 {1} 26... Bd3 {0} 27. Rfe1 {1} 27... Bxe2 {1} 28.
Rxe2 {0} 28... Kf7 {3} 29. Kf1 {6} 29... Kf6 {4} 30. Rb2 {1} 30... Re7 {4} 31.
Rb6+ {4} 31... Ke5 {3} 32. Ke2 {1} 32... Kd5 {1} 33. Rb4 {1} 33... b5 {4} 34.
Rd4+ {1} 34... Kc5 {2} 35. Re4 {2} 35... Rd7 {11} 36. Kxe3 {1} 36... a5 {0} 37.
g4 {7} 37... b4 {7} 38. cxb4+ {3} 38... axb4 {1} 39. Re5+ {7} 39... Kb6 {8} 40.
g5 {5} 40... hxg5 {7} 41. Rxg5 {1} 41... Ra7 {2} 42. Kd4 {1} 42... Rxa2 {5} 43.
Kc4 {9} 43... Ra7 {6} 44. Kxb4 {1} 44... Rc7 {1} 45. Rb5+ {3} 45... Ka6 {1} 46.
Rc5 {2} 46... Rf7 {4} 47. Kc4 {5} 47... Kb6 {3} 48. Kd4 {1} 48... Rf4+ {5} 49.
Ke5 {9} 49... Rxf3 {7} 50. gxf3 {7} 50... Kxc5 {1} 51. f4 {1} 51... Kc4 {18}
52. f5 {1} 52... Kd3 {1} 53. Kf4 {1} 53... Kd4 {1} 54. Kg5 {2} 54... Ke5 {2}
55. Kg6 {emmy bietet Remis 0} 55... Kf4 {3} 56. Kxg7 {1} 56... Kxf5 {
(Lag: Av=0.60s, max=1.0s) 1} 1/2-1/2